Ricostruisci la Carriera del Calciatore - Ciro Immobile - Statistics

Statistiche generali
  • Questo quiz è stato fatto 109 volte
  • Il punteggio medio è 4 su 11
Statistiche sulle risposte
Hint Risposta % Corretto
2016- Lazio
56%
2007 Sorrento
55%
2014-2015 Borussia Dortmund
45%
2008-2010 Juventus
42%
2011-2012 Pescara
40%
2013-2014 Torino
38%
2011 Grosseto
36%
2015-2016 Siviglia
36%
2010-2011 Siena
35%
2012-2013 Genoa
33%
2016 Torino
33%
Nessun quiz corrispondente trovato
Distribuzione punteggi
Percentuale di utenti per punteggio
Percentile per numero di risposta
I tuoi punteggi nel tempo
Non hai fatto questo quiz